Boletin mexicano de Derecho Comparado (Record no. 4338)
[ view plain ]
| 000 -CABECERA | |
|---|---|
| campo de control de longitud fija | 00591nam a22001577a 4500 |
| 022 ## - NUMERO INTERNACIONAL NORMALIZADO PARA PUBLICACIONES SERIADAS (ISSN) | |
| International Standard Serial Number | 00418633 |
| 080 ## - NUMERO DE CLASIFICACION DECIMAL UNIVERSAL (CDU) | |
| Número de la Clasificación Decimal Universal | 340.5 B 637 |
| 245 ## - MENCION DE TITULO | |
| Título propiamente dicho | Boletin mexicano de Derecho Comparado |
| 260 ## - PUBLICACION, DISTRIBUCION, ETC. (PIE DE IMPRENTA) | |
| Lugar de publicación, distribución, etc. | México |
| Nombre del editor, distribuidor, etc. | Universidad nacional Autónoma de México |
| Fecha de publicación, distribución, etc. | 2007 |
| 300 ## - DESCRIPCION FISICA | |
| Extensión | 265 P: |
| 310 ## - FRECUENCIA ACTUAL DE LA PUBLICACION | |
| Frecuencia actual de la publicación | bimestral |
| 650 ## - ASIENTO SECUNDARIO DE MATERIA - TERMINO TEMATICO | |
| Fuente del encabezamiento o término | Tesauro de Biblioteconomía y Documentación |
| Subdivisión general | derecho comparado |
| -- | derechos humanos |
| -- | derecho a la identidad |
| -- | derecho internacinal |
| -- | solución de controversias |
| -- | derecho penal |
| -- | protección de datos personales |
| -- | lavado de dinero |
| -- | pena privativa de libertad |
| 760 ## - ASIENTO DE SERIE PRINCIPAL | |
| Asiento principal | Nueva Serie |
| 942 ## - ELEMENTOS AGREGADOS (KOHA) | |
| Fuente de clasificación | |
| 945 ## - INFORMACION DE PROCESAMIENTO LOCAL | |
| Responsable de cargamodificación | Celeste Delía |
| Fecha de carga/modificación | 2016-07-05 |
| Retirado | Perdido | Dañado | No se presta | Ubicación permanente | Locación actual | Estante o sala | Fecha de adquisición | Enumeración, cronología para publ. seriadas | Signatura topográfica | Inventario | Ultima fecha vista | Tipo de item de Koha |
|---|---|---|---|---|---|---|---|---|---|---|---|---|
| Bib. Derecho | Bib. Derecho | Biblioteca Graduados | 05/07/2016 | año XL- Nª 118- Enero- Abril- 2007 | 340.5 B 637 | 1567 | 05/07/2016 | Publicación periódica | ||||
| Bib. Derecho | Bib. Derecho | Biblioteca Graduados | 05/07/2016 | año XL_ Nª 119- Mayo- Agosto 2007 | 340.5 B 637 | 1568 | 05/07/2016 | Publicación periódica | ||||
| Bib. Derecho | Bib. Derecho | Biblioteca Graduados | 05/07/2016 | AÑo XL_ Nª 120- Septiembre- Diciembre 2007 | 340.5 B 637 | 1569 | 05/07/2016 | Publicación periódica | ||||
| Bib. Derecho | Bib. Derecho | Biblioteca Graduados | 05/07/2016 | año XLI_ Nª 121- Enero- Abril 2008 | 340.5 B 637 | 1570 | 05/07/2016 | Publicación periódica | ||||
| Bib. Derecho | Bib. Derecho | Biblioteca Graduados | 05/07/2016 | Año XLI_ Nª 122- Mayo- Agosto 2008 | 340.5 B 637 | 1571 | 05/07/2016 | Publicación periódica |
